Statistics for Ord kryptering - Danske byer

Click here to take the quiz!

General Stats

  • This quiz has been taken 195 times
  • The average score is 8 of 20

Answer Stats

By% Correct
Vejle
82%
Hobro
81%
Ry
81%
Viborg
79%
Aabenraa
77%
Aarhus
73%
Varde
71%
Odense
69%
Skive
67%
Fredericia
58%
Slagelse
56%
Horsens
55%
Vejen
55%
Farum
54%
Billund
53%
Herning
53%
Assens
50%
Grenaa
50%
Ikast
50%
Odder
47%
Esbjerg
45%
Randers
44%
Skagen
44%
Aalborg
42%
Kolding
40%
Kalundborg
38%
Roskilde
38%
Thisted
36%
Middelfart
33%
Haderslev
31%
Svendborg
29%
Nyborg
25%
Skanderborg
23%
Frederikshavn
22%
Haslev
21%
Ringsted
21%
Lystrup
20%
Taastrup
20%
Frederikssund
18%
Jyllinge
16%
Silkeborg
16%
Nakskov
15%
Holstebro
8%

Score Distribution

Percentile by Number Answered

Percent of People with Each Score

Your Score History

You have not taken this quiz